The stigma of defeat (Record no. 519974)
[ view plain ]
| 000 -LEADER | |
|---|---|
| fixed length control field | 00238nam a22000977a 4500 |
| 082 ## - DEWEY DECIMAL CLASSIFICATION NUMBER | |
| Classification number | TNC A6x5444 D28 |
| 100 ## - MAIN ENTRY--PERSONAL NAME | |
| Personal name | Deshpandy, Anirudh |
| 9 (RLIN) | 31367 |
| 245 ## - TITLE STATEMENT | |
| Title | The stigma of defeat |
| 260 ## - PUBLICATION, DISTRIBUTION, ETC. (IMPRINT) | |
| Place of publication, distribution, etc | New Delhi |
| Name of publisher, distributor, etc | Nehru Memorial Museum |
| 300 ## - PHYSICAL DESCRIPTION | |
| Extent | 44p. |
No items available.
